000 00323nam a22001457a 4500
008 210311b ||||| |||| 00| 0 eng d
020 _a9780393977769
041 _aeng
080 _a371
082 _a371
100 _a46
101 _aEDU
245 _aThe Norton Field Guide to Writing
_cBullock,R
942 _2udc
_cBK
999 _c56314
_d56314